Countries That Smoke The Most - Statistics

General Stats
  • This quiz has been taken 49 times
  • The average score is 3 of 10
Answer Stats
Percentage Country % Correct
37.6% Indonesia
56%
48.5% Nauru
36%
36.9% Croatia
31%
39.0% Bulgaria
28%
44.1% Myanmar
28%
39.3% Papua New Guinea
28%
39.2% East Timor
26%
38.2% Lebanon
26%
39.8% Syria
23%
37.0% Latvia
18%
No matching quizzes found
Score Distribution
Percent of People with Each Score
Percentile by Number Answered
Your Score History
You have not taken this quiz